[Event "31.Schlosspark-Open"]
[Site "Wiesbaden-Biebrich"]
[Date "2019.08.25"]
[Round "7.24"]
[White "Berberich, Christoph"]
[Black "Bauer, Claus"]
[Result "0-1"]
[WhiteElo "1960"]
[BlackElo "2123"]
[PlyCount "80"]
[EventDate "2019.??.??"]
[WhiteTeam "SGEM Dreisamtal"]
[BlackTeam "SF Mainz"]

1. d4 d6 2. Nf3 Nf6 3. c4 Nbd7 4. Nc3 c6 5. Bg5 h6 6. Bh4 e5 7. e3 Be7 8. Qc2
Nh5 9. Bxe7 Qxe7 10. Be2 Nhf6 11. O-O O-O 12. Rfe1 Re8 13. Rab1 a5 14. a3 Nf8
15. b4 axb4 16. axb4 Ng6 17. dxe5 Nxe5 18. Nxe5 Qxe5 19. h3 Bf5 20. Bd3 Ra3 21.
Rec1 Bxd3 22. Qxd3 d5 23. Rc2 Rc8 24. Rbc1 Rb3 25. Rb1 Rxb1+ 26. Nxb1 Ra8 27.
Nd2 Ra1+ 28. Nf1 g6 29. Qb3 Kg7 30. g3 Qf5 31. Kg2 Qe4+ 32. f3 Qe5 33. b5 Rxf1
34. Kxf1 Qxg3 35. bxc6 Qxf3+ 36. Rf2 Qxh3+ 37. Ke1 bxc6 38. Qc3 Qe6 39. cxd5
cxd5 40. Qd4 g5 0-1

[Event "31.Schlosspark-Open"]
[Site "Wiesbaden-Biebrich"]
[Date "2019.08.25"]
[Round "7.25"]
[White "Kuhn, Andreas"]
[Black "Hassemeier, Mika"]
[Result "1/2-1/2"]
[WhiteElo "2119"]
[BlackElo "1872"]
[PlyCount "81"]
[EventDate "2019.??.??"]
[WhiteTeam "Sfr. Erbach"]
[BlackTeam "FVS ASP Hoyerswerda"]

1. d4 Nf6 2. c4 g6 3. Nc3 Bg7 4. e4 d6 5. Be2 O-O 6. f4 c5 7. Nf3 Na6 8. d5 Bg4
9. h3 Bxf3 10. Bxf3 Nc7 11. O-O Nd7 12. Be3 a6 13. a4 b6 14. Qd3 Qb8 15. Bf2
Ra7 16. Bh4 Re8 17. Ra3 Rb7 18. Rb3 b5 19. axb5 axb5 20. Nxb5 Nxb5 21. cxb5 Nb6
22. Qc2 c4 23. Ra3 c3 24. b3 Nd7 25. Be2 Qc7 26. Ra6 Nb8 27. Ra4 Nd7 28. Kh1
Nb6 29. Ra6 Qb8 30. Rc1 Na8 31. Qd3 Rc8 32. Be1 Rc5 33. b4 Rcxb5 34. Bxc3 R5b6
35. Rxb6 Nxb6 36. Bxg7 Kxg7 37. b5 Rc7 38. Rc6 f6 39. Qc3 Rb7 40. Bd3 Nd7 41.
Be2 1/2-1/2

[Event "31.Schlosspark-Open"]
[Site "Wiesbaden-Biebrich"]
[Date "2019.08.25"]
[Round "7.26"]
[White "Rump, Andreas"]
[Black "Heindrich, Mark"]
[Result "0-1"]
[WhiteElo "1947"]
[BlackElo "2094"]
[PlyCount "122"]
[EventDate "2019.??.??"]
[WhiteTeam "SG Idstein"]
[BlackTeam "TuS Dotzheim"]

1. d4 d5 2. c4 Bf5 3. Nf3 e6 4. Nc3 Nc6 5. cxd5 exd5 6. a3 Nf6 7. g3 Be7 8. Bg2
O-O 9. O-O h6 10. b3 Ne4 11. Bb2 Nxc3 12. Bxc3 Be4 13. Nd2 Bxg2 14. Kxg2 f5 15.
e3 Nb8 16. Qc2 Nd7 17. Rfc1 Qe8 18. Nf3 Qh5 19. Ba5 c6 20. Bc7 Nf6 21. Be5 Ne4
22. Nd2 Ng5 23. h4 Ne4 24. f3 Nd6 25. Qd3 Nf7 26. f4 Rae8 27. Nf3 Bd6 28. b4 a6
29. Rab1 Re6 30. Rg1 Be7 31. Kf2 Re8 32. Rg2 Bf8 33. Rbg1 Rg6 34. Qd1 Qg4 35.
h5 Rge6 36. Nh4 Nd6 37. Qxg4 fxg4 38. Ng6 Kf7 39. Ke2 Nf5 40. Nh4 Nd6 41. f5
Rxe5 42. dxe5 Rxe5 43. Kd3 Nc4 44. Re1 Re4 45. Ng6 Bd6 46. Nf4 Nxa3 47. Ne6
Bxb4 48. Rf1 c5 49. Rf4 c4+ 50. Ke2 Re5 51. Rgf2 Be7 52. Nxg7 Bg5 53. Ne6 Bxf4
54. Rxf4 b5 55. Nd4 Re8 56. Rxg4 b4 57. Rg6 Nb5 58. Ne6 b3 59. Rxh6 b2 60. Ng5+
Ke7 61. f6+ Kd7 0-1

[Event "31.Schlosspark-Open"]
[Site "Wiesbaden-Biebrich"]
[Date "2019.08.25"]
[Round "7.27"]
[White "Flach, Erich"]
[Black "Schmitz, Manuela"]
[Result "1/2-1/2"]
[WhiteElo "2081"]
[BlackElo "1940"]
[PlyCount "38"]
[EventDate "2019.??.??"]
[WhiteTeam "SV Griesheim"]
[BlackTeam "SV Freibauer Eikamp"]

1. c4 e6 2. Nc3 Nf6 3. d4 d5 4. cxd5 exd5 5. Bg5 Be7 6. e3 c6 7. Bd3 O-O 8. Qc2
h6 9. Bh4 Nbd7 10. Nge2 Re8 11. h3 Ne4 12. Bxe7 Qxe7 13. Bxe4 dxe4 14. Ng3 Nf6
15. a3 b6 16. Qa4 Bd7 17. Qa6 Bc8 18. Qa4 Bd7 19. Qa6 Bc8 1/2-1/2

[Event "31.Schlosspark-Open"]
[Site "Wiesbaden-Biebrich"]
[Date "2019.08.25"]
[Round "7.28"]
[White "Schmidt, Markus"]
[Black "Ahrends, Norbert"]
[Result "1-0"]
[WhiteElo "2072"]
[BlackElo "1926"]
[PlyCount "81"]
[EventDate "2019.??.??"]
[WhiteTeam "SK Niederbrechen"]
[BlackTeam "SK Gernsheim"]

1. c4 Nf6 2. g3 e6 3. Bg2 d5 4. Nf3 c6 5. b3 g6 6. Bb2 Bg7 7. O-O O-O 8. d4 b6
9. Nc3 Bb7 10. Qc2 Na6 11. Rfd1 Qc7 12. Rac1 dxc4 13. bxc4 c5 14. Nb5 Qe7 15.
Ba3 Rfd8 16. Qa4 Nb4 17. dxc5 bxc5 18. Rxd8+ Rxd8 19. Bxb4 cxb4 20. c5 Qe8 21.
Qxb4 Nd5 22. Qa5 Bc6 23. Nd6 Qe7 24. e4 Nf6 25. Ne5 Bd7 26. Nexf7 Rf8 27. c6
Bc8 28. Nxc8 Rxc8 29. Ne5 Ne8 30. Nd7 Bd4 31. e5 Qf7 32. Qd2 Bb6 33. a4 Bc7 34.
Qe3 Ra8 35. Rb1 Qf5 36. Rb7 Qc2 37. h4 Qxa4 38. Qh6 Qa3 39. Nf6+ Nxf6 40. exf6
Qc1+ 41. Qxc1 1-0

[Event "31.Schlosspark-Open"]
[Site "Wiesbaden-Biebrich"]
[Date "2019.08.25"]
[Round "7.29"]
[White "Reitz, Theresa"]
[Black "Wachsmann, Dietmar"]
[Result "1/2-1/2"]
[WhiteElo "1936"]
[BlackElo "2038"]
[PlyCount "82"]
[EventDate "2019.??.??"]
[WhiteTeam "VfR-SC Koblenz"]
[BlackTeam "SC Groß-Umstadt"]

1. Nf3 e6 2. g3 Nf6 3. Bg2 d5 4. O-O Be7 5. d4 O-O 6. c4 c5 7. cxd5 exd5 8.
dxc5 Bxc5 9. b3 Nc6 10. Bb2 Re8 11. Nc3 Bf5 12. Rc1 Bf8 13. Nd4 Bg4 14. Re1 Rc8
15. h3 Be6 16. Na4 Ne4 17. Nxe6 Rxe6 18. Nc3 Bb4 19. Rf1 Qa5 20. Nxe4 dxe4 21.
Qc2 Bd2 22. Rcd1 e3 23. f4 Ree8 24. Qb1 Rcd8 25. Kh2 Qc5 26. Be4 Qh5 27. Bf3
Qg6 28. f5 Qd6 29. Ba1 b6 30. Be4 Nd4 31. Bd3 Rc8 32. Rf4 Nc6 33. Rg4 Ne5 34.
Rd4 Qc7 35. Be4 Rcd8 36. Qb2 Rxd4 37. Qxd4 f6 38. Bd5+ Kf8 39. Qf4 Qc5 40. Be6
Qb5 41. Qf1 Qc5 1/2-1/2

[Event "31.Schlosspark-Open"]
[Site "Wiesbaden-Biebrich"]
[Date "2019.08.25"]
[Round "7.30"]
[White "Bischoff, Ulrich"]
[Black "Kobs, Stephan"]
[Result "0-1"]
[WhiteElo "2050"]
[BlackElo "1961"]
[PlyCount "84"]
[EventDate "2019.??.??"]
[WhiteTeam "Sfr. Erbach"]
[BlackTeam "SC Tempo Göttingen"]

1. d4 Nf6 2. c4 c5 3. Nf3 cxd4 4. Nxd4 g6 5. g3 Bg7 6. Bg2 O-O 7. O-O Nc6 8.
Nc3 a6 9. Rb1 Qa5 10. Nc2 Qh5 11. e4 Qxd1 12. Rxd1 d6 13. h3 Rb8 14. a4 b6 15.
Be3 Na5 16. Bf1 Nb3 17. Nd4 Nxd4 18. Bxd4 Be6 19. f3 Rfc8 20. Nd5 Bxd5 21. cxd5
b5 22. axb5 axb5 23. Rbc1 b4 24. Rxc8+ Rxc8 25. Bb5 Nh5 26. Bxg7 Kxg7 27. Bc6
Nxg3 28. Kf2 Nh5 29. Ke3 g5 30. Rd4 Rb8 31. Rc4 Nf4 32. Bd7 Kf6 33. Kd4 h5 34.
Rc8 Rxc8 35. Bxc8 e6 36. dxe6 fxe6 37. Kc4 Nxh3 38. Kxb4 Nf4 39. Ba6 h4 40. Bf1
h3 41. Bxh3 Nxh3 42. Kb5 Nf4 0-1

[Event "31.Schlosspark-Open"]
[Site "Wiesbaden-Biebrich"]
[Date "2019.08.25"]
[Round "7.31"]
[White "Papadopoulos, Ioannis"]
[Black "Buehler, Severin"]
[Result "1-0"]
[WhiteElo "1921"]
[BlackElo "1918"]
[PlyCount "115"]
[EventDate "2019.??.??"]
[WhiteTeam "SV Oberursel"]
[BlackTeam "Heilbronner SV"]

1. e4 c5 2. Nf3 d6 3. d4 cxd4 4. Nxd4 Nf6 5. Nc3 a6 6. Be3 e5 7. Nf3 Be7 8. Bc4
O-O 9. O-O Be6 10. Bb3 h6 11. Qd3 Qc7 12. Nd5 Nxd5 13. Bxd5 Bxd5 14. Qxd5 Nd7
15. c3 Rac8 16. Rad1 Rfd8 17. Nd2 Nf6 18. Qb3 b5 19. f3 d5 20. exd5 Nxd5 21.
Bf2 Bc5 22. Ne4 Bxf2+ 23. Rxf2 Ne3 24. Re1 Nc4 25. Rfe2 Kh8 26. Qc2 Rd5 27. Nd2
Nxd2 28. Rxd2 Qc5+ 29. Kh1 b4 30. Rc1 bxc3 31. Rxd5 Qxd5 32. bxc3 Rd8 33. h3
Qd2 34. c4 Qxc2 35. Rxc2 Rc8 36. Kg1 Kg8 37. Kf2 f5 38. Ke3 Kf7 39. Kd3 Rb8 40.
c5 Ke6 41. Kc4 Rc8 42. Rb2 Rc6 43. Rb6 Rxb6 44. cxb6 Kd6 45. a4 Kc6 46. a5 h5
47. Kd3 h4 48. Ke2 Kb7 49. Kf2 Kc6 50. g3 hxg3+ 51. Kxg3 Kb7 52. Kh4 g6 53. Kg5
Kc6 54. h4 Kb7 55. h5 gxh5 56. Kxf5 h4 57. Kg4 h3 58. Kxh3 1-0

[Event "31.Schlosspark-Open"]
[Site "Wiesbaden-Biebrich"]
[Date "2019.08.25"]
[Round "7.32"]
[White "Haack, Kevin"]
[Black "Mueller, Lutz"]
[Result "1-0"]
[WhiteElo "2031"]
[BlackElo "1906"]
[PlyCount "85"]
[EventDate "2019.??.??"]
[WhiteTeam "SC Bad Soden"]
[BlackTeam "SC Bad Königshofen"]

1. c4 g6 2. g3 Bg7 3. Bg2 Nc6 4. Nc3 e5 5. e3 d6 6. Nge2 h5 7. h4 Nh6 8. d3 Bd7
9. Rb1 a5 10. a3 O-O 11. b4 Qe8 12. Nd5 Rc8 13. Nec3 Bg4 14. f3 Be6 15. b5 e4
16. Nxe4 Bxd5 17. cxd5 Ne7 18. Qb3 a4 19. Qxa4 Nxd5 20. Qb3 c6 21. O-O Nf5 22.
d4 Ndxe3 23. Bxe3 d5 24. Qd3 dxe4 25. fxe4 Nxd4 26. bxc6 bxc6 27. Rfd1 c5 28.
Qc4 Qe7 29. a4 Be5 30. Bf2 Rfd8 31. Rd3 Rb8 32. Rdd1 Qc7 33. Kh2 Qe7 34. Kh1
Kg7 35. Rdc1 Qf6 36. Be1 Rbc8 37. Rb7 Rf8 38. a5 Nf3 39. Rb6 Nd4 40. Rxf6 Kxf6
41. Bh3 Rc6 42. Kg2 Rb8 43. Bc3 1-0

[Event "31.Schlosspark-Open"]
[Site "Wiesbaden-Biebrich"]
[Date "2019.08.25"]
[Round "7.33"]
[White "Oparaugo, Thomas"]
[Black "Stork, Christopher"]
[Result "1-0"]
[WhiteElo "2005"]
[BlackElo "1905"]
[PlyCount "61"]
[EventDate "2019.??.??"]
[WhiteTeam "SV Oberursel"]
[BlackTeam "SV Oberursel"]

1. e4 c5 2. Nf3 Nc6 3. Bb5 g6 4. O-O Bg7 5. c3 Qb6 6. Na3 a6 7. Ba4 d6 8. d4
cxd4 9. cxd4 Bd7 10. Be3 Qd8 11. d5 Nb8 12. Bd4 Nf6 13. e5 dxe5 14. Nxe5 b5 15.
Bb3 Bf5 16. d6 O-O 17. dxe7 Qxe7 18. Re1 Qd8 19. Bc5 Qxd1 20. Raxd1 Nbd7 21.
Bxf8 Rxf8 22. Nxf7 Nc5 23. Nh6+ Kh8 24. Nxf5 gxf5 25. Bc2 Nfe4 26. f3 Bxb2 27.
fxe4 Bxa3 28. exf5 Bb2 29. Re7 Bf6 30. Rc7 Na4 31. Rdd7 1-0

[Event "31.Schlosspark-Open"]
[Site "Wiesbaden-Biebrich"]
[Date "2019.08.25"]
[Round "7.34"]
[White "Philipp, Nils"]
[Black "Pauly, Markus"]
[Result "1/2-1/2"]
[WhiteElo "2017"]
[BlackElo "1846"]
[PlyCount "48"]
[EventDate "2019.??.??"]
[WhiteTeam "Frankfurter TV"]
[BlackTeam "Sfr. Erbach"]

1. e4 c5 2. d4 cxd4 3. c3 dxc3 4. Nxc3 Nc6 5. Nf3 a6 6. Bc4 d6 7. O-O Nf6 8. e5
dxe5 9. Nxe5 e6 10. Nxc6 Qxd1 11. Rxd1 bxc6 12. Na4 Nd5 13. Bd2 Be7 14. Rac1
O-O 15. a3 Bd7 16. Ba5 h6 17. Be2 Rfc8 18. Bf3 Rab8 19. b4 c5 20. Nxc5 Bxc5 21.
Rxc5 Rxc5 22. bxc5 Rb3 23. Bb4 Bc6 24. Bxd5 Bxd5 1/2-1/2

[Event "31.Schlosspark-Open"]
[Site "Wiesbaden-Biebrich"]
[Date "2019.08.25"]
[Round "7.36"]
[White "Bigott, Martin"]
[Black "Gentner, Markus"]
[Result "1-0"]
[WhiteElo "1860"]
[BlackElo "2001"]
[PlyCount "65"]
[EventDate "2019.??.??"]
[WhiteTeam "SK Sülz-Klettenberg"]
[BlackTeam "SC Murrhardt"]

1. c4 Nf6 2. Nc3 c5 3. g3 d5 4. cxd5 Nxd5 5. Bg2 Nc7 6. f4 Nc6 7. Nf3 g6 8. O-O
Bg7 9. d3 O-O 10. Be3 Ne6 11. Bf2 Rb8 12. e3 Qa5 13. Qc1 Rd8 14. Rd1 Nb4 15.
Ne1 Nc7 16. a3 Nc6 17. Rb1 Be6 18. Ne4 Bb3 19. Rd2 Ne6 20. Re2 Bd5 21. Nc3 Bxg2
22. Kxg2 Rd7 23. Ne4 Rc8 24. Rc2 b6 25. b4 Qa4 26. bxc5 Rxd3 27. Rc4 Qxa3 28.
Nxd3 Qxd3 29. cxb6 axb6 30. Rxb6 Ra8 31. Rbxc6 Nd8 32. Qd2 Qb1 33. Qc2 1-0

[Event "31.Schlosspark-Open"]
[Site "Wiesbaden-Biebrich"]
[Date "2019.08.25"]
[Round "7.37"]
[White "Boidman, Yuri"]
[Black "Wachsmann, Elmar"]
[Result "1-0"]
[WhiteElo "2374"]
[BlackElo "1783"]
[PlyCount "53"]
[EventDate "2019.??.??"]
[WhiteTeam "SC Heimbach-Weis"]
[BlackTeam "SC Groß-Umstadt"]

1. e4 e5 2. Nf3 Nc6 3. Bb5 a6 4. Ba4 Nf6 5. O-O Be7 6. Re1 b5 7. Bb3 O-O 8. d4
exd4 9. e5 Ne8 10. Bd5 Rb8 11. Bxc6 dxc6 12. Nxd4 Bb7 13. Nc3 g6 14. Qg4 c5 15.
Nf5 Bc8 16. Nxe7+ Qxe7 17. Qg3 Bb7 18. Bg5 Qe6 19. Rad1 Qb6 20. Be7 Ng7 21.
Bxf8 Rxf8 22. Rd7 Bc6 23. Nd5 Qa5 24. b4 Qxa2 25. Ne7+ Kh8 26. Nxc6 Qe6 27. Rd8
1-0

[Event "31.Schlosspark-Open"]
[Site "Wiesbaden-Biebrich"]
[Date "2019.08.25"]
[Round "7.38"]
[White "Launert, Martin"]
[Black "Seewi, Joram"]
[Result "0-1"]
[WhiteElo "1837"]
[BlackElo "2098"]
[PlyCount "88"]
[EventDate "2019.??.??"]
[WhiteTeam "Sfr. Erbach"]
[BlackTeam "SG Kalker/Deutzer"]

1. e4 Nc6 2. d4 d5 3. e5 f6 4. Bb5 Bf5 5. Ne2 e6 6. Ng3 Bg6 7. Nd2 fxe5 8. dxe5
Nge7 9. Nf3 a6 10. Bd3 Qd7 11. Bg5 h6 12. Bxe7 Nxe7 13. Nh4 Bxd3 14. Qxd3 Qb5
15. O-O-O c5 16. Kb1 c4 17. Qf3 O-O-O 18. Qf7 Qd7 19. Nf3 Nc6 20. Qxd7+ Kxd7
21. c3 b5 22. Ne2 Bc5 23. Rhf1 Rhf8 24. Rde1 g5 25. Ned4 Ne7 26. g4 Rf4 27. h3
Rdf8 28. Re3 Bxd4 29. Nxd4 Rxf2 30. Rxf2 Rxf2 31. Rf3 Rxf3 32. Nxf3 Ng6 33. Kc2
Nf4 34. h4 gxh4 35. Nxh4 Nd3 36. Nf3 Ke7 37. b3 Nf2 38. g5 h5 39. bxc4 dxc4 40.
a3 Kf7 41. Nh4 Ne4 42. g6+ Kg7 43. Kb2 Nc5 44. Kc2 Nd3 0-1

[Event "31.Schlosspark-Open"]
[Site "Wiesbaden-Biebrich"]
[Date "2019.08.25"]
[Round "7.39"]
[White "Meaubert, Thomas"]
[Black "Pioch, Thomas"]
[Result "1/2-1/2"]
[WhiteElo "1779"]
[BlackElo "2074"]
[PlyCount "31"]
[EventDate "2019.??.??"]
[WhiteTeam "SC Flörsheim"]
[BlackTeam "SF Mainz"]

1. d4 e6 2. Nf3 Nf6 3. Bf4 d5 4. Nbd2 Bd6 5. Bg3 b6 6. e3 Bb7 7. Bd3 O-O 8. Ne5
Nfd7 9. Qf3 f5 10. Nxd7 Qxd7 11. Bxd6 cxd6 12. Qg3 Rf6 13. f4 Nc6 14. c3 Rc8
15. O-O Na5 16. Be2 1/2-1/2

[Event "31.Schlosspark-Open"]
[Site "Wiesbaden-Biebrich"]
[Date "2019.08.25"]
[Round "7.40"]
[White "Seidel, Martin"]
[Black "Tepe, Josef"]
[Result "1/2-1/2"]
[WhiteElo "1827"]
[BlackElo "2044"]
[PlyCount "30"]
[EventDate "2019.??.??"]
[WhiteTeam "SV Hennef"]
[BlackTeam "SC Taunusstein"]

1. d4 d5 2. Bf4 c5 3. e3 Nc6 4. Nc3 cxd4 5. exd4 Bf5 6. Bd3 g6 7. Nge2 Bg7 8.
Bxf5 gxf5 9. Qd3 e6 10. Nb5 Kf8 11. O-O a6 12. Nbc3 Nge7 13. Qd2 h5 14. Be3 Ng6
15. f4 Nce7 1/2-1/2

[Event "31.Schlosspark-Open"]
[Site "Wiesbaden-Biebrich"]
[Date "2019.08.25"]
[Round "7.41"]
[White "Weiland, Thomas"]
[Black "Yaghi, Rita"]
[Result "1/2-1/2"]
[WhiteElo "1772"]
[BlackElo "1989"]
[PlyCount "73"]
[EventDate "2019.??.??"]
[WhiteTeam "SV Oberursel"]
[BlackTeam "SK Marburg"]

1. c4 e6 2. Nf3 d5 3. cxd5 exd5 4. g3 Nf6 5. Bg2 c6 6. O-O Be7 7. d4 Bf5 8. Nc3
Na6 9. a3 O-O 10. Bd2 Ne4 11. Be3 Nxc3 12. bxc3 Nc7 13. a4 Ne8 14. Qb3 Qb6 15.
Nd2 Nd6 16. Qxb6 axb6 17. Ra2 Ra6 18. Rfa1 Rfa8 19. Bf4 b5 20. a5 g5 21. Bxd6
Bxd6 22. f3 Be6 23. Nb3 b6 24. Kf2 Bc7 25. Ke3 bxa5 26. Kd2 Kf8 27. Nc5 R6a7
28. Nxe6+ fxe6 29. e4 Rd8 30. Kc2 Rb7 31. Bh3 e5 32. dxe5 Bxe5 33. exd5 cxd5
34. Rxa5 Rc7 35. Ra8 Rxa8 36. Rxa8+ Kg7 37. Rc8 1/2-1/2

[Event "31.Schlosspark-Open"]
[Site "Wiesbaden-Biebrich"]
[Date "2019.08.25"]
[Round "7.42"]
[White "Schmitz, Andreas Arnold"]
[Black "Hagner, Bennet"]
[Result "1-0"]
[WhiteElo "1991"]
[BlackElo "1847"]
[PlyCount "105"]
[EventDate "2019.??.??"]
[WhiteTeam "SV Freibauer Eikamp"]
[BlackTeam "Frankfurter TV"]

1. e4 e5 2. Nf3 Nc6 3. Bc4 Bc5 4. c3 Nf6 5. d4 exd4 6. cxd4 Bb4+ 7. Bd2 Nxe4 8.
Bxb4 Nxb4 9. Bxf7+ Kxf7 10. Qb3+ Kf8 11. Qxb4+ Qe7 12. Qxe7+ Kxe7 13. O-O Nf6
14. Re1+ Kd8 15. Nc3 d6 16. Ng5 Rf8 17. f4 h6 18. Nf3 Bg4 19. Nd2 Kd7 20. Re3
Rae8 21. Rae1 Rxe3 22. Rxe3 Re8 23. Rxe8 Nxe8 24. Kf2 Nf6 25. h3 Be6 26. g4 Kc6
27. f5 Bf7 28. a3 g6 29. fxg6 Bxg6 30. Kf3 Nd5 31. Nce4 Kd7 32. g5 hxg5 33. Kg4
Bxe4 34. Nxe4 Nf4 35. Nxg5 Ne2 36. Nf3 Ke6 37. Kg5 c5 38. dxc5 dxc5 39. h4 b5
40. h5 b4 41. axb4 cxb4 42. Ne5 Ng3 43. h6 Ne4+ 44. Kg6 Nf6 45. Nc6 Nd7 46. Kg7
Nf6 47. Nxa7 Nh5+ 48. Kf8 Nf6 49. Nc6 Kf5 50. Kg7 Ne8+ 51. Kf7 Nf6 52. Nxb4 Kg5
53. Nd5 1-0

[Event "31.Schlosspark-Open"]
[Site "Wiesbaden-Biebrich"]
[Date "2019.08.25"]
[Round "7.43"]
[White "Laux, Dominik"]
[Black "Schmieder, Stefan"]
[Result "1/2-1/2"]
[WhiteElo "2016"]
[BlackElo "1847"]
[PlyCount "54"]
[EventDate "2019.??.??"]
[WhiteTeam "VSG Offenbach"]
[BlackTeam "vereinslos"]

1. d4 d5 2. Bf4 Bf5 3. c4 e6 4. Nc3 Nf6 5. e3 Bd6 6. Bxd6 Qxd6 7. a3 O-O 8. Nf3
c6 9. Be2 Nbd7 10. Nh4 Rfe8 11. O-O Bg6 12. Nxg6 hxg6 13. cxd5 exd5 14. Rc1 g5
15. b4 a6 16. Na4 b5 17. Nc5 Nb6 18. a4 g6 19. Qc2 Nc4 20. Ra1 Kg7 21. axb5 Rh8
22. g3 axb5 23. Ra2 Rae8 24. Rfa1 Nh5 25. Bxh5 Rxh5 26. Ra8 Qf8 27. Qa2 Rh8
1/2-1/2

[Event "31.Schlosspark-Open"]
[Site "Wiesbaden-Biebrich"]
[Date "2019.08.25"]
[Round "7.44"]
[White "Viol, Julius"]
[Black "Fischer, Daniel"]
[Result "1-0"]
[WhiteElo "1709"]
[BlackElo "2003"]
[PlyCount "45"]
[EventDate "2019.??.??"]
[WhiteTeam "FC Bierstadt"]
[BlackTeam "SVG Offenburg"]

1. d4 Nf6 2. c4 c5 3. d5 b5 4. cxb5 a6 5. bxa6 g6 6. Nc3 Bg7 7. e4 O-O 8. Be3
Qa5 9. f3 e6 10. Qa4 Qb6 11. Qb5 Qxb5 12. Bxb5 d6 13. Nge2 exd5 14. exd5 Bxa6
15. Bxa6 Nxa6 16. O-O Nb4 17. Bf4 Ra6 18. Rfd1 c4 19. Nb5 Rd8 20. Rac1 Nd3 21.
Rc2 Nxd5 22. Bg5 Rc8 23. Rxd3 1-0

[Event "31.Schlosspark-Open"]
[Site "Wiesbaden-Biebrich"]
[Date "2019.08.25"]
[Round "7.45"]
[White "Grohmann, Alexander"]
[Black "Ohler, Julius"]
[Result "1/2-1/2"]
[WhiteElo "2003"]
[BlackElo "1798"]
[PlyCount "95"]
[EventDate "2019.??.??"]
[WhiteTeam "FVS ASP Hoyerswerda"]
[BlackTeam "SG Trier"]

1. d4 d5 2. Nf3 Nf6 3. b3 e6 4. Bb2 c5 5. e3 Nc6 6. Nbd2 Qc7 7. Bd3 Bd6 8. c4
cxd4 9. exd4 O-O 10. c5 Bf4 11. g3 Bxd2+ 12. Qxd2 Re8 13. O-O Ne4 14. Qe3 f5
15. a3 a5 16. Bb5 Bd7 17. Bxc6 Bxc6 18. Ne5 Nf6 19. Rfe1 Nd7 20. Qd3 Nxe5 21.
Rxe5 Bd7 22. Ree1 b5 23. b4 a4 24. Re5 Rf8 25. Bc1 Rae8 26. Bf4 Qc6 27. Kf1 Rf7
28. Ke2 h6 29. h4 Qc8 30. Kd2 Bc6 31. Qe2 Qd7 32. Re1 Rf6 33. Kc3 Qf7 34. h5
Qd7 35. Re3 Qc8 36. Be5 Rf7 37. f4 Qd8 38. Rh1 Qd7 39. g4 Ree7 40. Rg1 Qb7 41.
Bd6 Re8 42. Rxe6 Rxe6 43. Qxe6 Bd7 44. Qe2 fxg4 45. Rg3 Qc6 46. Re3 Qc8 47. Rg3
Qd8 48. Re3 1/2-1/2

[Event "31.Schlosspark-Open"]
[Site "Wiesbaden-Biebrich"]
[Date "2019.08.25"]
[Round "7.46"]
[White "Schwenk, Stefan"]
[Black "Rutsatz, Mario"]
[Result "0-1"]
[WhiteElo "1733"]
[BlackElo "1977"]
[PlyCount "58"]
[EventDate "2019.??.??"]
[WhiteTeam "SK Geisenheim"]
[BlackTeam "SF Frankfurt"]

1. c4 c5 2. g3 Nc6 3. Bg2 g6 4. Nc3 Bg7 5. e3 e5 6. Nge2 Nge7 7. a3 a5 8. O-O
O-O 9. d3 Rb8 10. Bd2 d6 11. Qc2 Be6 12. f4 Qd7 13. Rf2 b6 14. e4 f5 15. Raf1
Nd4 16. Nxd4 cxd4 17. Nb5 fxe4 18. Bxe4 d5 19. Bg2 Rbc8 20. a4 dxc4 21. fxe5
cxd3 22. Rxf8+ Bxf8 23. Qd1 Bg7 24. Bf4 Nf5 25. Rf3 Ne3 26. Bxe3 dxe3 27. Rxe3
d2 28. Nc3 Qd4 29. Qf3 Rxc3 0-1

[Event "31.Schlosspark-Open"]
[Site "Wiesbaden-Biebrich"]
[Date "2019.08.25"]
[Round "7.47"]
[White "Gerst, Michael"]
[Black "Markosyan, Aleksandr"]
[Result "0-1"]
[WhiteElo "1974"]
[BlackElo "1730"]
[PlyCount "58"]
[EventDate "2019.??.??"]
[WhiteTeam "Oberhausener SV"]
[BlackTeam "SG Idstein"]

1. d4 d5 2. Nf3 Bf5 3. Bf4 c5 4. e3 cxd4 5. exd4 Nc6 6. Bd3 Bg4 7. Be2 Qb6 8.
Be3 Qxb2 9. Nbd2 Qb6 10. O-O Nf6 11. c4 e6 12. cxd5 exd5 13. Rb1 Qc7 14. Qa4
Bd6 15. Rfc1 O-O 16. h3 Bd7 17. Qb3 Rab8 18. Qd1 Bf5 19. Rb3 Qe7 20. Nh4 Bd7
21. Bd3 Na5 22. Rbb1 Ne4 23. Nhf3 Ba3 24. Rc7 Qd6 25. Rxd7 Qxd7 26. Nxe4 dxe4
27. Bxe4 h6 28. Qd3 Be7 29. d5 f5 0-1

[Event "31.Schlosspark-Open"]
[Site "Wiesbaden-Biebrich"]
[Date "2019.08.25"]
[Round "7.48"]
[White "Triantafillidis, Simeon"]
[Black "Rabiya, Karim"]
[Result "0-1"]
[WhiteElo "1952"]
[BlackElo "1797"]
[PlyCount "92"]
[EventDate "2019.??.??"]
[WhiteTeam "SF HN-Biberach"]
[BlackTeam "SK Niederbrechen"]

1. e4 Nf6 2. e5 Nd5 3. c4 Nb6 4. d4 d6 5. exd6 cxd6 6. Nc3 g6 7. Be3 Bg7 8. Nf3
Bg4 9. h3 Bxf3 10. Qxf3 Nc6 11. Rd1 O-O 12. Be2 Rc8 13. O-O Qc7 14. Qg3 Nb4 15.
c5 N6d5 16. Nb5 Qd7 17. cxd6 Rc2 18. Qf3 Rxb2 19. Bc4 e6 20. Na3 Qxd6 21. Bc1
Rxa2 22. Bxa2 Nxa2 23. Bb2 Rc8 24. Qb3 Nab4 25. Rc1 Rc6 26. Rxc6 Qxc6 27. Rc1
Qd7 28. Nc4 f6 29. Ne3 Bh6 30. Ba3 Nxe3 31. fxe3 Nd5 32. Re1 Qc7 33. Qa4 Kf7
34. Qb3 b6 35. e4 Nc3 36. d5 Qg3 37. dxe6+ Kg7 38. Rb1 Be3+ 39. Kh1 Bf4 40. Kg1
Qe3+ 41. Kh1 Qg3 42. Kg1 Be3+ 43. Kh1 Nxb1 44. Qxb1 Bf4 45. Bf8+ Kxf8 46. Qb4+
Bd6 0-1

[Event "31.Schlosspark-Open"]
[Site "Wiesbaden-Biebrich"]
[Date "2019.08.25"]
[Round "7.49"]
[White "Schmitt, Carsten"]
[Black "Rowland, Anthony"]
[Result "1/2-1/2"]
[WhiteElo "1926"]
[BlackElo "1776"]
[PlyCount "21"]
[EventDate "2019.??.??"]
[WhiteTeam "SV Bergwinkel"]
[BlackTeam "SC Taunusstein"]

1. c4 Nf6 2. g3 c5 3. Bg2 g6 4. Nc3 Bg7 5. e4 Nc6 6. Nge2 d6 7. O-O O-O 8. a3
Bg4 9. h3 Be6 10. d3 Qc8 11. Kh2 1/2-1/2

[Event "31.Schlosspark-Open"]
[Site "Wiesbaden-Biebrich"]
[Date "2019.08.25"]
[Round "7.50"]
[White "Davidov, Georgi"]
[Black "Treiber, Volker"]
[Result "1-0"]
[WhiteElo "1917"]
[BlackElo "1633"]
[PlyCount "93"]
[EventDate "2019.??.??"]
[WhiteTeam "SC Rotenburg"]
[BlackTeam "SK Lohr"]

1. e4 c6 2. g3 e5 3. Bg2 Nf6 4. d4 exd4 5. Qxd4 d5 6. Nc3 dxe4 7. Qxd8+ Kxd8 8.
Bg5 Be7 9. O-O-O+ Ke8 10. Bxf6 Bxf6 11. Nxe4 Ke7 12. Nf3 Be6 13. Rhe1 Nd7 14.
Nxf6 Kxf6 15. Rxe6+ fxe6 16. Rxd7 Rab8 17. Nd4 e5 18. Rd6+ Kf7 19. Nxc6 bxc6
20. Rxc6 Rbc8 21. Rxc8 Rxc8 22. Bd5+ Kf6 23. c4 e4 24. Kd2 Ke5 25. Ke3 h6 26.
b3 Rc5 27. Bxe4 a5 28. f4+ Kd6 29. Kd4 Rc8 30. f5 Kc7 31. a3 Rb8 32. Kc3 Kb6
33. b4 axb4+ 34. axb4 Re8 35. c5+ Kb5 36. Bd3+ Kc6 37. Kd4 Re1 38. b5+ Kd7 39.
b6 Rd1 40. Kc4 Rh1 41. c6+ Kd6 42. c7 Rc1+ 43. Kb4 Rc6 44. Bb5 Rxc7 45. bxc7
Kxc7 46. Kc5 Kd8 47. Kd6 1-0

[Event "31.Schlosspark-Open"]
[Site "Wiesbaden-Biebrich"]
[Date "2019.08.25"]
[Round "7.51"]
[White "Scheid, Lennart"]
[Black "Schneider, Joerg"]
[Result "0-1"]
[WhiteElo "1463"]
[BlackElo "2127"]
[PlyCount "80"]
[EventDate "2019.??.??"]
[WhiteTeam "SK Ladenburg"]
[BlackTeam "SF Mainz"]

1. e4 c5 2. Nc3 g6 3. g3 Bg7 4. Bg2 Nc6 5. f4 d6 6. Nge2 e6 7. d3 Nge7 8. Be3
Nd4 9. O-O O-O 10. Rc1 Rb8 11. Qe1 b5 12. Qf2 b4 13. Nd1 Nxe2+ 14. Qxe2 Qa5 15.
Ra1 f5 16. g4 fxe4 17. dxe4 Ba6 18. Qf2 Bxf1 19. Bxf1 Bd4 20. Bxd4 cxd4 21.
Qxd4 Qc5 22. Qxc5 dxc5 23. Bc4 Rxf4 24. Bxe6+ Kg7 25. Nf2 Rb6 26. Bc4 Nc6 27.
Bd3 Ne5 28. Be2 Rd6 29. Rd1 Rxd1+ 30. Bxd1 Rf8 31. Be2 Rd8 32. Nd3 Nxd3 33.
Bxd3 Kf6 34. Kg2 Ke5 35. Kf3 g5 36. Ke3 Rd6 37. Kf3 Rh6 38. Kg3 Kd4 39. Kg2 c4
40. Be2 Ra6 0-1